Information systems : (Record no. 1672)

MARC details
000 -LEADER
fixed length control field 00795nac a22002291u 4500
010 ## - LIBRARY OF CONGRESS CONTROL NUMBER
LC control number 85026492
020 ## - INTERNATIONAL STANDARD BOOK NUMBER
International Standard Book Number 047183758X
082 00 - DEWEY DECIMAL CLASSIFICATION NUMBER
Classification number 658.4038
Item number B9471
090 ## - LOCALLY ASSIGNED LC-TYPE CALL NUMBER (OCLC); LOCAL CALL NUMBER (OCLC)
-- 1672
-- 1672
100 ## - MAIN ENTRY--PERSONAL NAME
Personal name Burch, John G.
245 10 - TITLE STATEMENT
Title Information systems :
Remainder of title theory and practice /
Statement of responsibility, etc John Burch, Gary Grudnitski.
250 ## - EDITION STATEMENT
Edition statement 4th ed.
260 ## - PUBLICATION, DISTRIBUTION, ETC. (IMPRINT)
Place of publication, distribution, etc New York :
Name of publisher, distributor, etc Wiley,
Date of publication, distribution, etc c1986.
300 ## - PHYSICAL DESCRIPTION
Extent xiii, 674 p. :
Other physical details ill. ;
Dimensions 25 cm.
500 ## - GENERAL NOTE
General note Donations
500 ## - GENERAL NOTE
General note Donations - Dr. Mostafa Gouda
504 ## - BIBLIOGRAPHY, ETC. NOTE
Bibliography, etc Includes bibliographies and index.
650 #0 - SUBJECT ADDED ENTRY--TOPICAL TERM
Topical term or geographic name as entry element Management information systems.
700 1# - ADDED ENTRY--PERSONAL NAME
Personal name Grudnitski, Gary.
942 ## - ADDED ENTRY ELEMENTS (KOHA)
Item type Book - Borrowing
Call number prefix 658.4038B9471
Holdings
Withdrawn status Item status Damaged status Not for loan Home library Current library Shelving location Date acquired Source of acquisition Total Checkouts Full call number Barcode Date last seen Koha item type
        Central Library Central Library First floor 04/12/2006 Purchase   658.4038 BUR 000002669 15/07/2025 Book - Borrowing